000 00497nam a22001817a 4500
003 koha_MIRAKIL
005 20231213100318.0
008 231213b |||||||| |||| 00| 0 ||| d
020 _b978-6-05-114098-8
040 _aTR-IsEVY
_btur
_cTR-IsEVY
082 _a363.7 BUL/Ç
100 _aBull, Jane.
245 0 _aÇevremi seviyorum
_bçöpe atmayalım, faydalı bir şey yapalım
260 _bTimaş Yayınları,
_c2009
300 _a63 s.
650 _aGeri Dönüşüm.
942 _2ddc
_cBK
999 _c17942
_d17942